| 000 | 00451nam a2200157Ia 4500 | ||
|---|---|---|---|
| 008 | 151021s9999 xx 000 0 und d | ||
| 020 | _a816026599 | ||
| 050 | _aQE 521.R58 1994 | ||
| 245 | _a_The Encyclopedia of EarthQuakes And Volcanoes | ||
| 260 | _aU.S.A Facts On File 1994 | ||
| 300 | _a322p,;Ill | ||
| 500 | _aIncludes Index | ||
| 500 | _aIncludes Index | ||
| 650 | _a_Earthquakes Encyclopedias | ||
| 980 | _a^d20120830 11:33:27^okorir | ||
| 999 |
_c12678 _d12678 |
||